000 00641nam a22001937a 4500
999 _c172133
_d172133
005 20200129111905.0
010 _aA-564414
020 _c6.10
035 _aA-564414
037 _bBPPD
082 _a530
100 _aوی-ایس-بھسین
245 _aطبیعیات (حصہ اول) /
_cوی-ایس-بھسین
246 _aTabaiyat (Physics): Secondary School ke Liye Nasabi Kitab /
_bby V. S. Bhasin
260 _aNew Delhi
_bNational Council of Educational Research and Training
_c1985 ء
270 _aSri Aurobindo Marg
_bNew Delhi
_e110016
300 _a162p.
_c23cm(Hb)
942 _2ddc
_cUR
_h530
_mب ھ س